| 000 | 00789nam a2200205Ia 4500 | ||
|---|---|---|---|
| 003 | GCL | ||
| 008 | 140319s9999 xx 000 0 ara d | ||
| 040 |
_aGCL / _cGCL |
||
| 082 | 0 | 4 |
_aد _b050 _bم ع |
| 245 | 1 | 0 |
_aعالم الفكر (مج30 \ع1 \2001 ) : _bمجلة دورية محكمة تصدر اربع مرات فى السنة |
| 250 | _aالاولى | ||
| 260 |
_aالكويت : _bالمجلس الوطنى للثقافة والفنون والاداب ، _c2001 |
||
| 650 | 0 | 4 | _aالبلاغة العربية |
| 650 | 0 | 4 | _aالبلاغة |
| 650 | 0 | 4 | _aالسينما |
| 650 | 0 | 4 | _aالمسرحيات العربية - مجموعات |
| 650 | 0 | 4 | _aالبيئة - اقتصاديات |
| 650 | 0 | 4 | _aالعالم العربى - الاحوال الاجتماعية |
| 942 |
_2ddc _cCR |
||
| 999 |
_c7665 _d7665 |
||